000 00389nam a2200157Ia 4500
003 Ost
005 20260225132539.0
008 260225s9999||||xx |||||||||||||| ||und||
040 _cfsic
041 _afre
082 _a331.4
100 _aChristian balicco
_eAuteur
245 0 _aLes méthodes des évaluations en ressources humaines /
245 0 _cChristian balicco
942 _cكتاب
999 _c33367
_d33367